000 00659nam a2200241Ia 4500
005 20260430150638.0
008 008 250103s9999 xx 000 0 eng d
037 _aTheses
040 _aCRL
040 _beng
040 _ceng
041 _2eng
041 _aeng
084 _qCRL
100 _aShaikh Ekta Au.; Acharya Ashok Gu.
_91238097
245 4 _aThe Ethics And Politics Of Deliberative Process In Democratic Practice
260 _c2023
300 _a202p.
650 _aPolitical Science
700 _aUniversity of Delhi. Faculty of Social Science. Deptt. of Political Science
_91236360
942 _cTH
999 _c1850289
_d1850289